000 00652nam a22002057a 4500
003 SISC
005 20160406103848.0
008 130903t xxu||||| |||| 00| 0 eng d
020 _a9781557382009
050 _aHD 69
_b.B972 1991
082 _aHS 658.4
_bB94 1991
100 _aBurroughs, George
_916273
245 _aCrafting the perfect name :
_bthe art the science of naming a company or product /
_cGeorge Burroughs
260 _aChicago, Illinois :
_bProbus Publishing Company,
_cc1991.
300 _a201 p. :
_bill. ;
_c23 cm.
650 _aManagement
_9446
650 _aEntrepreneurs
_xguide
_916274
942 _2lcc
_cBK
999 _c10229
_d10229